| 000 | 00347nam a2200121Ia 4500 | ||
|---|---|---|---|
| 008 | 230907s9999||||xx |||||||||||||| ||und|| | ||
| 082 |
_a621.38224 _bOTT |
||
| 100 |
_aOtt, Henry W., _9115585 |
||
| 245 | 0 | _aElectromagnetic compatibility engineering / | |
| 260 |
_aJohn Wiley & Sons, _bHoboken, N.J. : _c2009 |
||
| 300 | _axxv, 843 p. : | ||
| 942 | _cBK | ||
| 999 |
_c598891 _d598891 |
||